Proceedings of the first international conference on the culture of penaeid prawns/shrimp

Spremljeno u:
Bibliografski detalji
Format: Knjiga
Jezik:Undetermined
Izdano: Philippines Aquaculture Department Southeast Asian Fisheries Development Center 1985
Teme:
Oznake: Dodaj oznaku
Bez oznaka, Budi prvi tko označuje ovaj zapis!
Thư viện lưu trữ: Trung tâm Học liệu Trường Đại học Cần Thơ
LEADER 00644nam a2200169Ia 4500
001 CTU_150683
008 210402s9999 xx 000 0 und d
082 |a 639.63 
082 |b P963 
245 0 |a Proceedings of the first international conference on the culture of penaeid prawns/shrimp 
245 0 |c Edited by Yasuhiko Taki, Jurgenne H. Primavera, Jose A. Llobrera 
260 |a Philippines 
260 |b Aquaculture Department Southeast Asian Fisheries Development Center 
260 |c 1985 
650 |a Aquaculture,Nuôi trồng thủy sản 
904 |i Trọng Hải, Năm 
980 |a Trung tâm Học liệu Trường Đại học Cần Thơ